| 000 | 00493nam a2200181 4500 | ||
|---|---|---|---|
| 001 | 26084 | ||
| 005 | 20230410121157.0 | ||
| 008 | 060907n2004 dr spa | ||
| 020 | _a1552660885 | ||
| 035 | _9funglode26281 | ||
| 041 | _aEN | ||
| 050 | 1 | 4 | _aJZ 1318 G562d 2004 |
| 245 | 0 | 4 |
_aThe globalization decade : _ba critical reader / _cedited by Leo Panitch... [et al.] |
| 260 |
_aLondon : _bMerlin Press, _c2004 |
||
| 300 | _a325 p. | ||
| 700 | _aPanitch, Leo | ||
| 942 |
_2lcc _cbk |
||
| 999 |
_c59501 _d59501 |
||